000 00744nam a22002297a 4500
005 20170124110211.0
010 _aA-505688
020 _c00.00
_a8171411355
035 _a505688
037 _bCen Lib/Ret
040 _aDPL
_bEN
082 _a301.153
_bCHE
100 _aChetty, K. Munirathnam
_938265
245 _aSarvodaya and freedom :
_cby K. Munirathnam Chetty
_ba Gandhian appraisal /
260 _bDiscovery Publishing House
_aNew Delhi
_c1991
270 _bNew Delhi
_a4594/9, Darya Ganj
_e110002
300 _axiv,223p.
_c21cm(Hb)
500 _aIncludes bibliographical references
650 _aGandhi, -- Mahatma, -- 1869-1948
_997348
650 _aMahatma Gandhi
_910320
942 _2ddc
_cEN
_h301.153
_mCHE
999 _c133553
_d133553